Hack não plus B : Nạp siêu tốc 1550 từ vựng và collocations trong 50 ngày với âm thanh tương tự và truyện chêm
Hướng dẫn cách học 1550 từ vựng tiếng Anh thú vị và hiệu quả qua cách học xuôi, học ngược tiếng Việt - Anh, Anh - Việt, kỹ thuật âm thanh nghe audio qua từng bài học... trang bị cho người học có đủ vốn từ vựng cho kỳ thi theo các chủ đề...
Wedi'i Gadw mewn:
| Prif Awdur: | |
|---|---|
| Fformat: | Llyfr |
| Iaith: | Undetermined |
| Cyhoeddwyd: |
Hà Nội
Thế giới
2019
|
| Pynciau: | |
| Tagiau: |
Ychwanegu Tag
Dim Tagiau, Byddwch y cyntaf i dagio'r cofnod hwn!
|
| Thư viện lưu trữ: | Trung tâm Học liệu Trường Đại học Cần Thơ |
|---|
| LEADER | 01165nam a2200229Ia 4500 | ||
|---|---|---|---|
| 001 | CTU_235527 | ||
| 008 | 210402s9999 xx 000 0 und d | ||
| 020 | |c 527500 | ||
| 082 | |a 428.1 | ||
| 082 | |b H307 | ||
| 100 | |a Nguyễn, Văn Hiệp | ||
| 245 | 0 | |a Hack não plus B : | |
| 245 | 0 | |b Nạp siêu tốc 1550 từ vựng và collocations trong 50 ngày với âm thanh tương tự và truyện chêm | |
| 245 | 0 | |c Nguyễn Văn Hiệp (ch.b.), Nguyễn Thu Trang, Trần Thị Tuyết Hạnh | |
| 260 | |a Hà Nội | ||
| 260 | |b Thế giới | ||
| 260 | |c 2019 | ||
| 520 | |a Hướng dẫn cách học 1550 từ vựng tiếng Anh thú vị và hiệu quả qua cách học xuôi, học ngược tiếng Việt - Anh, Anh - Việt, kỹ thuật âm thanh nghe audio qua từng bài học... trang bị cho người học có đủ vốn từ vựng cho kỳ thi theo các chủ đề | ||
| 650 | |a Tiếng Anh,English language | ||
| 650 | |x Dạy và học,Study and teaching | ||
| 910 | |a Tuyến | ||
| 980 | |a Trung tâm Học liệu Trường Đại học Cần Thơ | ||